Losowe stolice Europy – wisielec - Statystyki

Ogólne statystyki
  • Ten quiz został rozwiązany 900 razy
  • Średni wynik to 4 z 6
Statystyki odpowiedzi
List % Poprawnych
A
97%
A
96%
A
94%
A
94%
A
94%
A
85%
A
85%
R
79%
E
77%
O
75%
S
73%
R
72%
B
71%
W
69%
O
68%
P
68%
L
67%
T
67%
D
64%
R
64%
E
63%
L
63%
N
63%
N
63%
O
63%
N
62%
O
62%
M
61%
I
60%
R
60%
S
60%
K
59%
D
56%
D
56%
E
56%
E
56%
J
55%
W
54%
D
53%
D
53%
Y
53%
B
50%
I
50%
M
50%
N
50%
Y
50%
K
48%
Ń
42%
I
41%
L
41%
N
41%
I
39%
O
38%
O
38%
N
36%
T
36%
U
35%
N
33%
K
29%
M
29%
Nie znaleziono quizów pasujących do podanych kryteriów
Rozkład punktacji
Procent ludzi z każdym wynikiem
Percentyl według liczby udzielonych odpowiedzi
Twoja historia wyników
Nie rozwiązałeś tego quizu